Normal view
MARC view
- Information Technology
Entry Geographic Name
001 - CONTROL NUMBER
- control field: 217210
003 - CONTROL NUMBER IDENTIFIER
- control field: OSt
005 - DATE AND TIME OF LATEST TRANSACTION
- control field: 20260318163935.0
008 - FIXED-LENGTH DATA ELEMENTS
- fixed length control field: 260318|| aca||aabn | a|a d
040 ## - CATALOGING SOURCE
- Original cataloging agency: OSt
- Transcribing agency: OSt
151 ## - HEADING--GEOGRAPHIC NAME
- Geographic name: Information Technology
670 ## - SOURCE DATA FOUND
- Source citation: Work cat.: (OSt)370735: Sreevani, R. 217208, Health / Nursing Informatics and Technology (Computer for Nurses), 2025